| Tag |
First Indicator |
Second Indicator |
Subfields |
| LEADER |
00000cam a2200000 4500 |
| 001 |
in00000482011 |
| 005 |
20151013052553.0 |
| 008 |
740507s1967 gw b 00000 ger |
| 010 |
|
|
|a 68079184
|
| 035 |
|
|
|a (OCoLC)00879367
|
| 035 |
|
|
|9 ACB6042AM
|
| 040 |
|
|
|c BUF
|d TXA
|d UtOrBLW
|
| 049 |
|
|
|a TXAM
|c [1153652]
|
| 050 |
0 |
0 |
|a PT2467
|b .D9
|
| 100 |
1 |
|
|a Dyck, Martin.
|
| 245 |
1 |
4 |
|a Die Gedichte Schillers. :
|b Figuren der Dynamik des Bildes.
|
| 264 |
|
1 |
|a Bern :
|b Francke,
|c [1967]
|
| 264 |
|
4 |
|c [©1967]
|
| 300 |
|
|
|a 157 pages ;
|c 21 cm.
|
| 336 |
|
|
|a text
|b txt
|2 rdacontent
|
| 337 |
|
|
|a unmediated
|b n
|2 rdamedia
|
| 338 |
|
|
|a volume
|b nc
|2 rdacarrier
|
| 504 |
|
|
|a "Ammerkungen" (bibliographical) : pages 155-156.
|
| 600 |
1 |
0 |
|a Schiller, Friedrich,
|d 1759-1805.
|t Poems.
|
| 999 |
|
|
|a MARS
|
| 999 |
f |
f |
|s 01136750-4b5d-3a57-afbf-04b322d44da1
|i 3c8c5303-0387-3d1c-9915-c8fd0d01d0b3
|t 0
|
| 952 |
f |
f |
|p ric
|a Texas A&M University
|b Rellis Campus
|c Joint Library Facility
|d Remote Storage
|t 0
|e PT2467 .D9
|h Library of Congress classification
|i unmediated -- volume
|m A14804159955
|
| 998 |
f |
f |
|a PT2467 .D9
|t 0
|l Remote Storage
|